|
|
|
|
| LEADER |
00000nam0a2200000 4500 |
| 001 |
354886 |
| 005 |
20231102010734.0 |
| 035 |
|
|
|a (RuTPU)RU\TPU\retro\12145
|
| 035 |
|
|
|a RU\TPU\retro\12142
|
| 090 |
|
|
|a 354886
|
| 100 |
|
|
|a 20200626d1965 k y0rusy50 ca
|
| 101 |
0 |
|
|a rus
|
| 102 |
|
|
|a RU
|
| 105 |
|
|
|a y z 000zy
|
| 200 |
1 |
|
|a Эфиры и эфироамиды 9-аминофлуорен-4-карбоновой кислоты
|e [оттиск статьи]
|f Г. М. Степнова, А. В. Коваленок, А. П. Беляева
|
| 210 |
|
|
|a Москва
|a Ленинград
|c Наука
|d 1965
|
| 215 |
|
|
|a С. 1425-1426
|c табл.
|
| 225 |
1 |
|
|a Журнал органической химии
|v Т. 1
|
| 320 |
|
|
|a Библиогр.: с. 1426
|
| 606 |
1 |
|
|a Карбоновые кислоты, производные
|x Химия
|2 stltpush
|3 (RuTPU)RU\TPU\subj\75943
|9 87459
|
| 610 |
1 |
|
|a коллекция ТПУ
|
| 610 |
1 |
|
|a труды учёных ТПУ
|
| 610 |
1 |
|
|a оттиски
|
| 610 |
1 |
|
|a химические свойства
|
| 610 |
1 |
|
|a озонолиз
|
| 610 |
1 |
|
|a фенантрен
|
| 610 |
1 |
|
|a кристаллические вещества
|
| 610 |
1 |
|
|a органические растворители
|
| 610 |
1 |
|
|a инсектицидная активность
|
| 610 |
1 |
|
|a синтезирование
|
| 675 |
|
|
|a 547.29
|v 4
|
| 700 |
|
1 |
|a Степнова
|b Г. М.
|
| 701 |
|
1 |
|a Коваленок
|b А. В.
|
| 701 |
|
1 |
|a Беляева
|b А. П.
|
| 801 |
|
1 |
|a RU
|b 63413507
|c 20200623
|
| 801 |
|
2 |
|a RU
|b 63413507
|c 20200626
|g RCR
|
| 942 |
|
|
|c BK
|